00509pam a2200193 a 4500001000800000005001700008008004100025020001500066020002300081040001800104082002200122100001900144245005300163250000900216260004300225300002000268650001200288700001500300305145320240220023712.0960223s1996 nyua b 001 0 eng  a0333584384 a0333584392 (pbk.) aDLCcDLCdDLC00a320.56.220bRAC.1 aSolomos, John.10aRacism and society /cJohn Solomos and Les Back. a1st. aNew York :bSt. Martin's Press,c1996. axviii, 252 p. : 0aRacism.1 aBack, Les,